McGraw-Hill encyclopedia of science and technology

Bibliographic Details
Format: Book
Published: USA : McGraw-Hill-Companies , 2007
Edition:10th ed
Subjects:

MARC

LEADER 00000cam a2200000 7i4500
001 0000110391
005 20070711.0
020 |a 9780071441438 
090 0 0 |a 503   |b MCG 
245 1 0 |a McGraw-Hill encyclopedia of science and technology 
250 |a 10th ed 
255 |a Library has vol 1- 20 
260 |a USA :   |b McGraw-Hill-Companies ,   |c 2007 
300 |a 721p. ;   |c 29cm. 
650 0 0 |a Science   |x Encyclopedias 
650 0 0 |a Technology   |x Encyclopedias 
999 |a 00204976   |b ENSIKLOPEDIA DEWASA   |c RUJUKAN   |e PERPUSTAKAAN KOMUNITI PETALING JAYA 
999 |a 00204977   |b ENSIKLOPEDIA DEWASA   |c RUJUKAN   |e PERPUSTAKAAN KOMUNITI PETALING JAYA 
999 |a 00204978   |b ENSIKLOPEDIA DEWASA   |c RUJUKAN   |e PERPUSTAKAAN KOMUNITI PETALING JAYA 
999 |a 00204979   |b ENSIKLOPEDIA DEWASA   |c RUJUKAN   |e PERPUSTAKAAN KOMUNITI PETALING JAYA 
999 |a 00204980   |b ENSIKLOPEDIA DEWASA   |c RUJUKAN   |e PERPUSTAKAAN KOMUNITI PETALING JAYA 
999 |a 00204981   |b ENSIKLOPEDIA DEWASA   |c RUJUKAN   |e PERPUSTAKAAN KOMUNITI PETALING JAYA 
999 |a 00204982   |b ENSIKLOPEDIA DEWASA   |c RUJUKAN   |e PERPUSTAKAAN KOMUNITI PETALING JAYA 
999 |a 00204983   |b ENSIKLOPEDIA DEWASA   |c RUJUKAN   |e PERPUSTAKAAN KOMUNITI PETALING JAYA 
999 |a 00204984   |b ENSIKLOPEDIA DEWASA   |c RUJUKAN   |e PERPUSTAKAAN KOMUNITI PETALING JAYA 
999 |a 00204985   |b ENSIKLOPEDIA DEWASA   |c RUJUKAN   |e PERPUSTAKAAN KOMUNITI PETALING JAYA 
999 |a 00204986   |b ENSIKLOPEDIA DEWASA   |c RUJUKAN   |e PERPUSTAKAAN KOMUNITI PETALING JAYA 
999 |a 00204987   |b ENSIKLOPEDIA DEWASA   |c RUJUKAN   |e PERPUSTAKAAN KOMUNITI PETALING JAYA 
999 |a 00204988   |b ENSIKLOPEDIA DEWASA   |c RUJUKAN   |e PERPUSTAKAAN KOMUNITI PETALING JAYA 
999 |a 00204989   |b ENSIKLOPEDIA DEWASA   |c RUJUKAN   |e PERPUSTAKAAN KOMUNITI PETALING JAYA 
999 |a 00204990   |b ENSIKLOPEDIA DEWASA   |c RUJUKAN   |e PERPUSTAKAAN KOMUNITI PETALING JAYA 
999 |a 00204991   |b ENSIKLOPEDIA DEWASA   |c RUJUKAN   |e PERPUSTAKAAN KOMUNITI PETALING JAYA 
999 |a 00204992   |b ENSIKLOPEDIA DEWASA   |c RUJUKAN   |e PERPUSTAKAAN KOMUNITI PETALING JAYA 
999 |a 00204993   |b ENSIKLOPEDIA DEWASA   |c RUJUKAN   |e PERPUSTAKAAN KOMUNITI PETALING JAYA 
999 |a 00204994   |b ENSIKLOPEDIA DEWASA   |c RUJUKAN   |e PERPUSTAKAAN KOMUNITI PETALING JAYA 
999 |a 00204995   |b ENSIKLOPEDIA DEWASA   |c RUJUKAN   |e PERPUSTAKAAN KOMUNITI PETALING JAYA